000 00824nam a2200265Ia 4500
003 OSt
005 20220928123536.0
006 a|||||r|||| 00| 0
007 ta
008 220927b |||||||| |||| 00| 0 eng d
020 _c695
024 _a100547
037 _b395, 22/10/2009, Pioneer Book Distributors
_cTextual
040 _aSDCL
_cSDCL
_beng
041 _2eng
_aeng
082 _aY:496, P9
100 _aSaikia Jaideep Ed.
_9461222
245 0 _aTerrorism
_b Patterns of internationalization.
260 _aLondon
_bSage
_c2009
300 _axl,266p
_ccm.
650 _aPolitical Science
700 _a Stepanova Ekaterina Ed.
_9461223
942 _hY:496, P9
_cTEXL
_2CC
999 _c774279
_d774279